1920 1276 1515 1198 1685 1545 1553 1995 1851 1475 1140 1855 1719 1530 1375 1497 1457 1525 1742 1857 1057 1988 1127 1207 1090 1247 1926 1148 1313 1519 1355 1985 1790 1784 1231 1958 1041 1901 1927 1148 1790 1248 1498 1359 1075 1500 1895 1242 1994 1215 1666 1514 1117 1878 1522 1061 1421 1026 1707 1731 1264 1213 1715 1842 1481 1934 1229 1855 1862 1391 1758 1696 1763 1097 1107 1253 1058 1530 1921 1482 1428 1548 1864 1004 1135 1109 1849 1071 1527 1081 1997 1006 1801 1829 1908 1122 1726 1993 1073 BCNSPRNW ULIB Ver.6.0+V

เปลี่ยนเป็นภาษาไทย

Change to English
 แสดงรายละเอียดบรรณานุกรม
  กลับหน้าหลัก

Brief Record : Get Marc (ISO 2709) : E-mail record : QR code < ปิดหน้าต่าง
LEADER : 00000nam 2200000uu 4500
001    13399121008
003     ULIB
008    121030s2547||||th 000 0 tha d
020    ^a9746138561
050 04 ^aHQ773^bส719ป ล.1
245 00 ^aปัญหาเด็กและเยาวชนกับการส่งเสริมอาชีพ หน่วยที่ 1-7=^bJuvenile problems and creer promotion/^cสาขาวิชาคหกรรมศาสตร์ มหาวิทยาลัยสุโขทัยธรรมาธิราช
250    ^aพิมพ์ครั้งที่ 8
260    ^aนนทบุรี :^bมหาวิทยาลัยสุโขทัยธรรมาธิราช,^c2547
300    ^a562 หน้า :^bภาพประกอบ ;^c30 ซม
650  7 ^aเด็กที่เป็นปัญหา
650  7 ^aเด็ก^xการสังเคราะห์
650  7 ^aเยาวชน^xการสังเคราะห์
650  7 ^aการแนะแนวอาชีพ
945    ^p0^l0^i24372
999 ^a ทศพร
รายการนี้ยังไม่มีแท็ก
คุณยังไม่ได้ล็อกอิน คุณสามารถมีกิจกรรมร่วมกับเว็บไซต์ได้ แต่ต้องล็อกอินก่อน ::
  ล็อกอิน

รายการสื่อสารสนเทศ

ลำดับที่ ประเภท เลขเรียก/บาร์โค้ด สถานที่ สถานะ
1. วิทยาศาสตร์การแพทย์ และสุขภาพ
วิทยาศาสตร์การแพทย์ และสุขภาพ
HQ773 ส719ป ล.1 ฉ.1 
  Barcode: 24372
ห้องสมุดวิทยาเขตสวรรค์ประชารักษ์
►หนังสือทั่วไป
บนชั้น

รายการใกล้เคียง
    หัวเรื่อง [เด็กที่เป็นปัญหา]
    หัวเรื่อง [การแนะแนวอาชีพ]

BibComment


ยังไม่เคยถูกคอมเมนท์

คอมเมนท์ทรัพยากรรายการนี้
  คอมเมนท์: ปัญหาเด็กและเยาว..


 Copyright 2026. Bcnsprnw @Library